[Event "FIDE World Cup 2011"]
[Site "Khanty-Mansiysk RUS"]
[Date "2011.09.08"]
[Round "4.3"]
[White "Ponomariov, Ruslan"]
[Black "Bruzon Batista, Lazaro"]
[Result "1-0"]
[WhiteTitle "GM"]
[BlackTitle "GM"]
[WhiteElo "2764"]
[BlackElo "2673"]
[WhiteFideId "14103320"]
[BlackFideId "3503739"]
[EventDate "2011.08.28"]

1. Nf3 Nf6 2. g3 d5 3. Bg2 e6 4. O-O Be7 5. d3 O-O 6. Nbd2 a5 7. e4 a4 8. a3
dxe4 9. dxe4 Nc6 10. b4 axb3 11. cxb3 Nd7 12. Bb2 Nc5 13. Bc3 b6 14. Qc2 Ba6 15.
Rfd1 Be2 16. Re1 Bd3 17. Qb2 f6 18. e5 f5 19. Nd4 Nxd4 20. Bxd4 Ba6 21. Bxc5
Bxc5 22. Nf3 Bb7 23. b4 Be7 24. Red1 Qc8 25. Rac1 Kh8 26. Nd4 Bxg2 27. Kxg2 c5
28. Kg1 Re8 29. Qb3 Bf8 30. b5 h6 31. a4 Kh7 32. Nc6 Qc7 33. Rd3 Qf7 34. Rcd1 f4
35. Qc4 fxg3 36. hxg3 Kh8 37. Kg2 Qf5 38. Rf3 Qg6 39. Rd7 Rec8 40. Rb7 Qe8 41.
Qe4 Kg8 42. Rf6 Qh5 43. Rxe6 1-0

[Event "FIDE World Cup 2011"]
[Site "Khanty-Mansiysk RUS"]
[Date "2011.09.08"]
[Round "4.3"]
[White "Gashimov, Vugar"]
[Black "Nielsen, Peter Heine"]
[Result "1-0"]
[WhiteTitle "GM"]
[BlackTitle "GM"]
[WhiteElo "2760"]
[BlackElo "2681"]
[WhiteFideId "13400630"]
[BlackFideId "1400355"]
[EventDate "2011.08.28"]

1. e4 e5 2. Nf3 Nc6 3. Bb5 Nf6 4. Qe2 Bc5 5. c3 O-O 6. d3 Re8 7. h3 d5 8. Ba4 a6
9. Nbd2 b5 10. Bc2 Bb6 11. Nf1 b4 12. Ng3 bxc3 13. bxc3 d4 14. Ba4 Bd7 15. Bxc6
Bxc6 16. c4 Ba5+ 17. Bd2 Bxd2+ 18. Qxd2 Nd7 19. Qa5 Qe7 20. O-O Qc5 21. Qd2 Rab8
22. Nf5 f6 23. Nh2 Nf8 24. f4 Ng6 25. fxe5 Nxe5 26. Qf2 Re6 27. Ng4 Nxg4 28.
hxg4 Rd8 29. g5 Qe5 30. Qh4 Rf8 31. Rf3 Be8 32. Raf1 Kh8 33. Nxg7 Kxg7 34. Qh6+
Kg8 35. gxf6 Rf7 36. Rf5 Qd6 37. Rg5+ Kh8 38. Rg7 1-0

[Event "FIDE World Cup 2011"]
[Site "Khanty-Mansiysk RUS"]
[Date "2011.09.08"]
[Round "4.3"]
[White "Grischuk, Alexander"]
[Black "Potkin, Vladimir"]
[Result "1/2-1/2"]
[WhiteTitle "GM"]
[BlackTitle "GM"]
[WhiteElo "2746"]
[BlackElo "2682"]
[WhiteFideId "4126025"]
[BlackFideId "4131061"]
[EventDate "2011.08.28"]

1. e4 c5 2. Nf3 d6 3. c3 Nf6 4. Be2 Bd7 5. Qc2 Qc7 6. O-O g6 7. d4 cxd4 8. Nxd4
Bg7 9. c4 O-O 10. Nc3 Nc6 11. Ndb5 Qc8 12. Be3 a6 13. Na3 Be6 14. Rac1 Ne5 15.
b3 Qc7 16. f3 Rfc8 17. Qd2 Qa5 18. Nab1 Bd7 19. a4 Qb4 20. Qd1 Qa5 21. Kh1 Be6
22. Bd2 Qd8 23. Na3 Nc6 24. Nc2 Nd7 25. Nd5 Nc5 26. Rb1 Bxd5 27. exd5 Nd4 28.
Nxd4 Bxd4 29. a5 b6 30. Be1 Bg7 31. axb6 Qxb6 32. b4 Nd7 33. Bf2 Qc7 34. c5 dxc5
35. bxc5 Nxc5 36. Rc1 Qa5 37. d6 exd6 38. Qxd6 Ne6 39. Rxc8+ Rxc8 40. Qxa6 Qxa6
41. Bxa6 Rc6 42. Bd3 Rc3 43. Be4 Nc5 44. Bb1 Nd3 45. Bg1 Bf6 46. Rd1 Nf4 47. Be4
Kg7 48. Bf2 h5 49. g3 Nh3 50. Be1 Re3 51. Kg2 Ng5 52. Bf2 Re2 53. Bd5 Nh3 54.
Kxh3 1/2-1/2

[Event "FIDE World Cup 2011"]
[Site "Khanty-Mansiysk RUS"]
[Date "2011.09.08"]
[Round "4.4"]
[White "Nielsen, Peter Heine"]
[Black "Gashimov, Vugar"]
[Result "1-0"]
[WhiteTitle "GM"]
[BlackTitle "GM"]
[WhiteElo "2681"]
[BlackElo "2760"]
[WhiteFideId "1400355"]
[BlackFideId "13400630"]
[EventDate "2011.08.28"]

1. d4 Nf6 2. c4 c5 3. d5 e6 4. Nc3 exd5 5. cxd5 d6 6. e4 g6 7. Nge2 Bg7 8. Ng3
a6 9. a4 Nbd7 10. Be2 h5 11. Bg5 Qa5 12. O-O h4 13. Nh1 h3 14. g3 Nh7 15. Be3 g5
16. f3 Qb4 17. Bd2 Bd4+ 18. Nf2 Qb6 19. Qc1 Ne5 20. Be3 Qd8 21. Kh1 Qf6 22. f4
gxf4 23. gxf4 Ng6 24. Ng4 Bxg4 25. Bxg4 Qh4 26. Bf5 Ne7 27. Bxh7 Qxh7 28. f5 Qh4
29. Bf4 Qg4 30. Qc2 Kd7 31. Bg3 Rae8 32. Rf4 Qh5 33. Qb3 Kc8 34. Qb6 Bxc3 35.
Qxd6 Qe2 36. Rf2 Qxe4+ 37. Kg1 Be5 38. Bxe5 Reg8+ 39. Bg3 Rxg3+ 40. hxg3 h2+ 41.
Rxh2 Qe3+ 42. Rf2 Nxf5 43. Qf4 Qxg3+ 44. Qxg3 Nxg3 45. Kg2 Ne4 46. Rxf7 Rg8+ 47.
Kf1 Rg5 48. Rd1 Nd6 49. Rh7 Rg4 50. Rc1 c4 51. Re1 Rd4 52. Re5 Rd2 53. Ke1 Rxb2
54. Re6 c3 55. Rxd6 Rb1+ 56. Ke2 c2 57. Rg6 Kb8 58. Rg8+ Ka7 59. Rc7 c1=Q 60.
Rxc1 Rxc1 61. d6 Rc2+ 62. Ke3 Rc3+ 63. Ke4 Rc4+ 64. Ke5 Rc5+ 65. Ke6 Rc6 66. Ke7
Kb6 67. d7 Rc7 68. Rc8 Rxd7+ 69. Kxd7 Ka5 70. Rb8 1-0

[Event "FIDE World Cup 2011"]
[Site "Khanty-Mansiysk RUS"]
[Date "2011.09.08"]
[Round "4.4"]
[White "Potkin, Vladimir"]
[Black "Grischuk, Alexander"]
[Result "0-1"]
[WhiteTitle "GM"]
[BlackTitle "GM"]
[WhiteElo "2682"]
[BlackElo "2746"]
[WhiteFideId "4131061"]
[BlackFideId "4126025"]
[EventDate "2011.08.28"]

1. d4 Nf6 2. c4 g6 3. Nc3 Bg7 4. e4 d6 5. Be2 O-O 6. Bg5 Na6 7. f4 c6 8. Qd2 d5
9. Bxf6 exf6 10. exd5 cxd5 11. Nxd5 Re8 12. Nf3 Be6 13. Ne3 Qe7 14. O-O Bd7 15.
Kf2 Bc6 16. Rae1 Rad8 17. d5 Nc5 18. Bd3 Qc7 19. g3 a5 20. Kg2 Bd7 21. Nd1 f5
22. b3 b5 23. cxb5 Ne4 24. Bxe4 fxe4 25. Nd4 Qc5 26. Nc6 Bxc6 27. bxc6 Rxd5 28.
Qf2 Qxc6 29. Ne3 Bd4 30. Qc2 Qxc2+ 31. Nxc2 Bc5 32. Re2 Red8 33. Rc1 f5 34. Kf1
Kf7 35. Ne3 Bxe3 36. Rxe3 Rd1+ 37. Rxd1 Rxd1+ 38. Re1 Rxe1+ 39. Kxe1 Ke6 40. Kd2
Kd5 41. Kc3 Kc5 42. a3 Kd5 43. b4 axb4+ 44. axb4 h6 45. h3 h5 46. h4 Kc6 47. Kc4
Kb6 48. Kb3 Kb5 49. Kc3 e3 50. Kd3 Kxb4 51. Kxe3 Kc3 52. Ke2 Kc2 53. Ke3 Kd1 54.
Kf2 Kd2 55. Kf3 Ke1 56. Ke3 Kf1 57. Kf3 Kg1 0-1

[Event "FIDE World Cup 2011"]
[Site "Khanty-Mansiysk RUS"]
[Date "2011.09.08"]
[Round "4.5"]
[White "Ponomariov, Ruslan"]
[Black "Bruzon Batista, Lazaro"]
[Result "0-1"]
[WhiteTitle "GM"]
[BlackTitle "GM"]
[WhiteElo "2764"]
[BlackElo "2673"]
[WhiteFideId "14103320"]
[BlackFideId "3503739"]
[EventDate "2011.08.28"]

1. Nf3 Nf6 2. g3 b6 3. Bg2 Bb7 4. O-O e6 5. d3 d5 6. Nbd2 Nbd7 7. Re1 Bc5 8. h3
O-O 9. e4 dxe4 10. dxe4 e5 11. Nh4 g6 12. Nb3 Be7 13. Bh6 Re8 14. Qe2 Bf8 15.
Bg5 h6 16. Bd2 a5 17. Rad1 Qe7 18. a3 Qe6 19. Bc1 a4 20. Nd2 Nc5 21. Kh2 Rad8
22. Qe3 Kh7 23. f3 Qc6 24. Qc3 Nh5 25. Bf1 Qf6 26. Ng2 Ne6 27. Nc4 Nd4 28. Rd3
c5 29. g4 Ng7 30. Nd2 b5 31. Rde3 c4 32. Kg3 Nge6 33. h4 Bc5 34. b4 Ba7 35. Qb2
Qg7 36. c3 f5 37. exf5 Nxf5+ 38. gxf5 gxf5+ 39. Kh2 f4 40. Qc2+ Kh8 41. Ne4 fxe3
42. Bxe3 Bxe3 43. Rxe3 Rg8 44. Qf2 Rdf8 45. Re1 Nf4 46. Nc5 Ba8 47. Ne3 Nd3 48.
Nxd3 Rxf3 49. Qg2 Rh3+ 0-1

[Event "FIDE World Cup 2011"]
[Site "Khanty-Mansiysk RUS"]
[Date "2011.09.08"]
[Round "4.5"]
[White "Gashimov, Vugar"]
[Black "Nielsen, Peter Heine"]
[Result "1-0"]
[WhiteTitle "GM"]
[BlackTitle "GM"]
[WhiteElo "2760"]
[BlackElo "2681"]
[WhiteFideId "13400630"]
[BlackFideId "1400355"]
[EventDate "2011.08.28"]

1. e4 e5 2. Nf3 Nc6 3. Bb5 Nf6 4. Qe2 Bc5 5. c3 O-O 6. d3 Re8 7. h3 d5 8. Ba4 a6
9. Nbd2 b5 10. Bc2 Bb6 11. Nf1 Qd6 12. Ng3 Ne7 13. Nh4 Ng6 14. Nhf5 Qc6 15. O-O
dxe4 16. dxe4 Bxf5 17. Nxf5 Nf4 18. Qf3 Rad8 19. Kh2 g6 20. Ng3 N6h5 21. a4 Kg7
22. axb5 axb5 23. Bb3 Re7 24. Qg4 Kh8 25. Nxh5 Nxh5 26. Bg5 f6 27. Bh6 Nf4 28.
Rfd1 Rde8 29. Qf3 Rd7 30. g3 Nh5 31. Kg2 Rxd1 32. Rxd1 Bc5 33. Bf7 Rb8 34. Qd3
Bf8 35. Be3 b4 36. Bd5 Qe8 37. Qc4 bxc3 38. bxc3 Bd6 39. Bc6 Qe7 40. Bh6 Ng7 41.
Bd5 Qd7 42. Ra1 Qe7 43. Ra6 Ne8 44. Qa4 Ng7 45. c4 Qe8 46. Qa5 Qe7 47. Ra7 Ne8
48. Bc6 Ng7 49. c5 Bxc5 50. Rxc7 1-0

[Event "FIDE World Cup 2011"]
[Site "Khanty-Mansiysk RUS"]
[Date "2011.09.08"]
[Round "4.6"]
[White "Bruzon Batista, Lazaro"]
[Black "Ponomariov, Ruslan"]
[Result "0-1"]
[WhiteTitle "GM"]
[BlackTitle "GM"]
[WhiteElo "2673"]
[BlackElo "2764"]
[WhiteFideId "3503739"]
[BlackFideId "14103320"]
[EventDate "2011.08.28"]

1. Nf3 g6 2. e4 c5 3. d4 Bg7 4. dxc5 Qa5+ 5. c3 Qxc5 6. Na3 Nf6 7. Be3 Qa5 8.
Nc4 Qc7 9. e5 Ng4 10. Bf4 b5 11. Ne3 Nxe3 12. fxe3 Qb6 13. Qd4 Qb7 14. Bd3 O-O
15. O-O Nc6 16. Qc5 b4 17. Be4 bxc3 18. bxc3 Qb6 19. Qa3 Qa6 20. Qxa6 Bxa6 21.
Rfd1 Rad8 22. Bxc6 dxc6 23. Rd4 Rxd4 24. cxd4 f6 25. Rc1 g5 26. Bg3 Rc8 27. exf6
exf6 28. Kf2 Bf8 29. Nd2 c5 30. Ne4 cxd4 31. Rxc8 dxe3+ 32. Kxe3 Bxc8 33. Nxf6+
Kf7 34. Ne4 Kg6 35. Bd6 Bg7 36. Bc5 a6 37. Bd4 Bh6 38. g3 g4+ 39. Kd3 Bf5 40.
Be3 Bg7 41. Bd4 Bf8 42. Ke3 Bh6+ 43. Kd3 Kf7 44. Be3 Bg7 45. Bd4 Bf8 46. Bb6 Ke6
47. Kd4 Bg7+ 48. Ke3 Kd5 49. Nd2 Bh6+ 50. Ke2 Kc6 51. Be3 Bf8 52. Nb3 Bb1 53. a4
Kd5 54. Nd2 Bc2 55. a5 Kc6 56. Bb6 Kb5 57. Nf1 Be4 58. Ne3 h5 59. Bd8 Bb4 60.
Bc7 Bxa5 61. Bxa5 Kxa5 62. Nc4+ Kb4 63. Nd6 Bg6 64. Kd2 a5 65. Kc1 a4 66. Kb2
a3+ 67. Ka2 Bc2 68. Ne8 Bb3+ 69. Ka1 Kc3 70. Nf6 Bf7 71. Nh7 Kd4 72. Ng5 Bg8 73.
h3 Ke5 74. Kb1 Kf5 75. h4 Ke5 76. Ka1 Kd4 77. Kb1 Kd3 78. Ka1 Ke3 79. Kb1 Bd5
80. Ka1 Kf2 0-1

[Event "FIDE World Cup 2011"]
[Site "Khanty-Mansiysk RUS"]
[Date "2011.09.08"]
[Round "4.6"]
[White "Nielsen, Peter Heine"]
[Black "Gashimov, Vugar"]
[Result "0-1"]
[WhiteTitle "GM"]
[BlackTitle "GM"]
[WhiteElo "2681"]
[BlackElo "2760"]
[WhiteFideId "1400355"]
[BlackFideId "13400630"]
[EventDate "2011.08.28"]

1. d4 d5 2. c4 c6 3. Nc3 Nf6 4. e3 g6 5. Nf3 Bg7 6. Be2 O-O 7. O-O Nbd7 8. h3 b6
9. b3 Bb7 10. Bb2 c5 11. Qc2 Rc8 12. Rad1 dxc4 13. Bxc4 Bxf3 14. gxf3 cxd4 15.
Rxd4 Ne8 16. Rd2 Nd6 17. Ba6 Rc6 18. Be2 Bxc3 19. Bxc3 Qc7 20. Rc1 Rc8 21. Ba6
Rxc3 22. Bxc8 Rxc2 23. Rcxc2 Nc5 24. Ba6 Qd7 25. Bf1 a5 26. Bg2 Qe6 27. Rd4 Qf6
28. b4 Ne6 29. Rd3 axb4 30. Rb3 Qa1+ 31. Kh2 Qd1 32. Rcb2 Nc5 33. Rb1 Qd2 34.
R3b2 Qc3 35. Rxb4 Nd3 36. R4b3 Qc2 37. a4 Nc4 0-1

[Event "FIDE World Cup 2011"]
[Site "Khanty-Mansiysk RUS"]
[Date "2011.09.08"]
[Round "4.7"]
[White "Bruzon Batista, Lazaro"]
[Black "Ponomariov, Ruslan"]
[Result "1/2-1/2"]
[WhiteTitle "GM"]
[BlackTitle "GM"]
[WhiteElo "2673"]
[BlackElo "2764"]
[WhiteFideId "3503739"]
[BlackFideId "14103320"]
[EventDate "2011.08.28"]

1. c4 Nf6 2. g3 c6 3. Nf3 d5 4. Bg2 g6 5. b3 Bg7 6. Bb2 O-O 7. O-O Bg4 8. d3
Bxf3 9. Bxf3 e6 10. Qc2 Nbd7 11. Nd2 Qe7 12. Bg2 h5 13. e3 h4 14. a3 Ng4 15. d4
hxg3 16. hxg3 Qg5 17. Rfe1 Qh5 18. Nf1 Rfe8 19. e4 dxe4 20. Rxe4 Ndf6 21. Re2
Nh7 22. Rae1 Ng5 23. f3 Nf6 24. f4 Nf3+ 25. Bxf3 Qxf3 26. Re3 Qg4 27. Nh2 Qh3
28. Qg2 Qxg2+ 29. Kxg2 Red8 30. R3e2 Ne8 31. Nf3 Nd6 32. g4 Rac8 33. Ne5 b5 34.
c5 Ne8 35. Kg3 Nf6 36. Nf3 Rd5 37. Ne5 Nd7 38. Nf3 a5 39. Ba1 Rd8 40. Bb2 Ra8
41. Ba1 Rd8 1/2-1/2

[Event "FIDE World Cup 2011"]
[Site "Khanty-Mansiysk RUS"]
[Date "2011.09.08"]
[Round "4.8"]
[White "Ponomariov, Ruslan"]
[Black "Bruzon Batista, Lazaro"]
[Result "1-0"]
[WhiteTitle "GM"]
[BlackTitle "GM"]
[WhiteElo "2764"]
[BlackElo "2673"]
[WhiteFideId "14103320"]
[BlackFideId "3503739"]
[EventDate "2011.08.28"]

1. Nf3 Nf6 2. g3 b6 3. d4 Bb7 4. c4 e6 5. Bg2 Be7 6. Nc3 O-O 7. Bf4 Na6 8. O-O
d5 9. Ne5 c5 10. cxd5 exd5 11. Rc1 Re8 12. Qa4 cxd4 13. Qxd4 Bc5 14. Qa4 g5 15.
Nxf7 Kxf7 16. Bxg5 Qd7 17. Qh4 Qf5 18. Bxf6 Qxf6 19. Qxh7+ Qg7 20. Qf5+ Qf6 21.
Bxd5+ Bxd5 22. Qxf6+ Kxf6 23. Nxd5+ Kf7 24. e3 Rad8 25. Rfd1 Rd7 26. Nc3 Red8
27. Rxd7+ Rxd7 28. Ne4 Be7 29. Kf1 Nb4 30. a3 Nd3 31. Rc2 b5 32. Ke2 b4 33. axb4
Nxb4 34. Rc4 Rb7 35. h4 Nd5 36. Rc2 Nb4 37. Rd2 Nc6 38. f4 Na5 39. Rc2 Nb3 40.
Kf3 Na1 41. Rc1 Nb3 42. Rc6 Na5 43. Rc2 Rb3 44. h5 Bd8 45. Nc5 Rb5 46. g4 Bf6
47. Nd3 Rb3 48. Ke2 Rb5 49. b4 Nb7 50. g5 Bd8 51. h6 Nd6 52. Rc6 Nf5 53. Ne5+
Kg8 54. Rc8 1-0